Nietoschka nezvanova - noches nlancas /

Guardado en:
Autor Principal: Dostoievski, Fedor
Formato: Libro
Publicado: Madrid : Club Internacional del Libro, 1998
Materias:
Etiquetas: Agregar Etiqueta
Sin Etiquetas, Sea el primero en etiquetar este registro!
LEADER 00619nam a22002175a 4500
001 CEM.cems016986
005 20101124165929.0
008 130507s1998##################000#0#####d
003 CEMS
020 |a 8482651692 
082 0 4 |a 891.733 
100 1 |a Dostoievski, Fedor 
245 1 0 |a Nietoschka nezvanova - noches nlancas /  |c Fedor Dostoievski, 
260 |a Madrid :  |b Club Internacional del Libro,  |c 1998 
300 |a 194 p. 
653 |a Literatura rusa 
653 |a Novela rusa 
653 |a Literatura 
653 |a Novelas 
653 |a Narrativa 
859 |a CEMS  |b BIB. CEMS - Agricultura  |h 891.733  |i D742  |p A0131.00  |t Ej.1  |v 2  |3 2